000 00350nam a2200145Ia 4500
008 150201s2011 xx 000 0 und d
082 _a617.643
_bO2011P
100 _aPHULARI,BASAVARAJ
245 _aORTHODONTICS
250 _a1ST
260 _bJAYPEE MEDICAL PUBLISHER
_aDELHI
_c2011
300 _a1-674
650 _aORTHODONTICS
942 _2ddc
_cBK
999 _c4628
_d4628